| 000 | 00462nam a2200193Ia 4500 | ||
|---|---|---|---|
| 003 | GCL | ||
| 008 | 140319s9999 xx 000 0 eng d | ||
| 040 |
_aGCL / _cGCL |
||
| 082 | 0 | 4 |
_a745.592 _bB M |
| 100 | 1 | _aBBZZATD, RICHAND E. | |
| 245 | 1 | 0 |
_aMAKING WOODEN TOYS / _cBBZZATD, RICHAND E. |
| 260 |
_a[S.N] : _bJOHN RURRAY ، _c1982 |
||
| 300 | _a63 P | ||
| 650 | 0 | 4 | _aHANDCRAFT |
| 650 | 0 | 4 | _aARTS |
| 650 | 0 | 4 | _aTOYS |
| 650 | 0 | 4 | _aWOOD ART |
| 942 |
_2ddc _cBK |
||
| 999 |
_c20836 _d20836 |
||